Clarinet staccato from the beginning from the kell method for clarinet
Guardat en:
| Autor principal: | |
|---|---|
| Format: | Llibre |
| Idioma: | anglès |
| Publicat: |
Londres
Boosey and Hawkes
1968
|
| Matèries: | |
| Etiquetes: |
Afegir etiqueta
Sense etiquetes, Sigues el primer a etiquetar aquest registre!
|
MARC
| LEADER | 00000nam a2200000 a 4500 | ||
|---|---|---|---|
| 001 | UCN8687 | ||
| 003 | CL-VaPUC | ||
| 008 | 011116e19680000uk |||||||||||||||||eng|d | ||
| 082 | 0 | 4 | |a 788.62193 |b KEL |2 21 |
| 100 | 0 | |a Kell, Reginald |e author |9 464970 | |
| 245 | 1 | 0 | |a Clarinet staccato from the beginning from the kell method for clarinet |
| 300 | |a v | ||
| 942 | |c BK | ||
| 945 | |d 20011116 00:00:00 |a lriquelm | ||
| 260 | |a Londres |b Boosey and Hawkes |c 1968 | ||
| 650 | 7 | |a CLARINETE |2 CL-VaPUC |9 323936 | |
| 650 | 0 | |a Estudio e instrucción |9 306288 | |
| 650 | 0 | |a Repertorio |9 258863 | |
| 650 | 0 | |a Técnicas de ejecución |9 323937 | |
| 650 | 7 | |a PEDAGOGIA INSTRUMENTAL |2 CL-VaPUC |9 464971 | |
| 650 | 0 | |a Ejercicios y estudios |9 323938 | |
| 583 | |a last modification |c 20180417 04:06:34 |k Rodrigo Vera | ||
| 999 | |c 298448 |d 298446 | ||
| 952 | |0 0 |1 0 |4 0 |6 788_621930000000000_KEL_1968 |7 0 |8 F |9 354031 |a BIBEDU |b BIBEDU |d 2019-11-21 |h v.3 |i 1178385 |o 788.62193 KEL 1968 |p 1178385 |r 2022-01-17 |w 2019-11-21 |y BK_F |k MUS | ||
| 952 | |0 0 |1 0 |4 0 |6 788_621930000000000_KEL_1968 |7 0 |8 F |9 354032 |a BIBEDU |b BIBEDU |d 2019-11-21 |h v.3 |i 1178393 |o 788.62193 KEL 1968 |p 1178393 |r 2022-03-17 |w 2019-11-21 |y BK_F |k MUS | ||